Visualizzazione normale
Vista MARC
- Yes
di Personal Name
Records bibliografici associati: 5
001 - CONTROL NUMBER
- control field: 5527
003 - CONTROL NUMBER IDENTIFIER
- control field: IT-RoPau
005 - DATE AND TIME OF LATEST TRANSACTION
- control field: 20131216150131.0
008 - FIXED-LENGTH DATA ELEMENTS
- fixed length control field: 131216|| aca||aabn | a|a d
040 ## - CATALOGING SOURCE
- Original cataloging agency: IT-RoPau
- Transcribing agency: IT-RoPau
100 ## - HEADING--PERSONAL NAME
- Personal name: Yes
670 ## - SOURCE DATA FOUND
- Source citation: Work cat.: (IT-RoPau)101088: Yes , Yessongs (3 Lp K 600 45)